[Event "2BLS 1819 TSV Schönaich - SF Bad Merge"]
[Site "?"]
[Date "2018.12.15"]
[Round "3.1"]
[White "Rakotomaharo, Fy Antenaina"]
[Black "Bosiocic, Marin"]
[Result "0-1"]
[WhiteElo "2429"]
[BlackElo "2599"]
[PlyCount "74"]
[EventDate "2018.??.??"]

1. d4 Nf6 2. c4 e6 3. Nc3 d5 4. Nf3 Bb4 5. Qa4+ Nc6 6. e3 O-O 7. Bd2 Re8 8. Rd1
Bf8 9. Be2 Bd7 10. Qc2 b6 11. a3 Na5 12. cxd5 exd5 13. b4 Nb7 14. Ne5 Nd6 15.
b5 Bf5 16. Qb3 Be6 17. O-O Nfe4 18. Nxe4 dxe4 19. Qc2 Bf5 20. Qb3 Be6 21. Qc2
Bd5 22. Rc1 Qg5 23. f4 exf3 24. Bxf3 Bxf3 25. Rxf3 Qe7 26. Bb4 Qe6 27. Rcf1 f6
28. Rh3 h6 29. Rxh6 gxh6 30. Qg6+ Bg7 31. Bxd6 cxd6 32. Ng4 Kh8 33. Rf5 Rac8
34. h3 Rc7 35. Rh5 f5 36. Nf6 Qxe3+ 37. Kh2 Qf4+ 0-1

[Event "2BLS 1819 TSV Schönaich - SF Bad Merge"]
[Site "?"]
[Date "2018.12.15"]
[Round "3.2"]
[White "Saric, Ante"]
[Black "Karpatchev, Aleksandr"]
[Result "1-0"]
[WhiteElo "2533"]
[BlackElo "2407"]
[PlyCount "81"]
[EventDate "2018.??.??"]

1. Nf3 d5 2. e3 Nf6 3. c4 e6 4. b3 c5 5. Bb2 Nc6 6. cxd5 exd5 7. Be2 Bd6 8. d4
cxd4 9. Nxd4 O-O 10. O-O Re8 11. Nc3 Bb8 12. Rc1 Qd6 13. g3 Bh3 14. Re1 Ne5 15.
Nf3 Qd8 16. Rc2 Qa5 17. a3 Be6 18. Na4 Nxf3+ 19. Bxf3 Ne4 20. Nc5 Ng5 21. b4
Nxf3+ 22. Qxf3 Qb6 23. Nxe6 fxe6 24. Rec1 Bd6 25. Qg4 e5 26. Rd1 Qb5 27. Rcd2
d4 28. exd4 e4 29. d5 Be5 30. Bxe5 Rxe5 31. d6 Rd8 32. Rd5 Qe8 33. d7 Qe7 34.
Rxe5 Qxe5 35. Qh4 g5 36. Qg4 h6 37. h4 e3 38. hxg5 exf2+ 39. Kxf2 hxg5 40. Qc4+
Kg7 41. Qd4 1-0

[Event "2BLS 1819 TSV Schönaich - SF Bad Merge"]
[Site "?"]
[Date "2018.12.15"]
[Round "3.3"]
[White "Ikonnikov, Vyacheslav"]
[Black "Volke, Karsten"]
[Result "1-0"]
[WhiteElo "2541"]
[BlackElo "2473"]
[PlyCount "61"]
[EventDate "2018.??.??"]

1. d4 Nf6 2. Nf3 d5 3. c4 dxc4 4. e3 a6 5. Bxc4 e6 6. O-O b5 7. Be2 Bb7 8. a4
b4 9. Nbd2 c5 10. Nc4 Nbd7 11. a5 Be7 12. Bd2 Ne4 13. Be1 O-O 14. Nfe5 Nef6 15.
dxc5 Bxc5 16. Nd3 Qe7 17. Nxc5 Qxc5 18. Qd6 Qg5 19. f3 b3 20. e4 Rfd8 21. Bf2
Nf8 22. Qb4 Bc6 23. Nb6 Rd2 24. Nxa8 Rxe2 25. Rad1 Nxe4 26. h4 Qf6 27. fxe4
Bxa8 28. Qb8 Bxe4 29. Rd8 Qe7 30. Rfd1 Bd5 31. Re8 1-0

[Event "2BLS 1819 TSV Schönaich - SF Bad Merge"]
[Site "?"]
[Date "2018.12.15"]
[Round "3.4"]
[White "Hirneise, Tobias"]
[Black "Kazakovskiy, Valeriy"]
[Result "0-1"]
[WhiteElo "2464"]
[BlackElo "2434"]
[PlyCount "74"]
[EventDate "2018.??.??"]

1. e4 c5 2. Nf3 a6 3. Nc3 e6 4. d4 b5 5. a4 cxd4 6. Qxd4 b4 7. Ne2 Bb7 8. Ng3
Nc6 9. Qe3 Qc7 10. Bd3 Nf6 11. O-O d6 12. b3 Be7 13. Bb2 O-O 14. Rad1 Rad8 15.
Qe2 a5 16. Rfe1 Nd7 17. Nh5 g6 18. Ng3 Nde5 19. Bb5 Na7 20. Nd4 Qb6 21. Qe3 Nc8
22. h3 Qc7 23. f4 Nd7 24. f5 e5 25. fxg6 hxg6 26. Qh6 Bf6 27. Ndf5 Nc5 28. Bc4
d5 29. exd5 Qb6 30. d6 Ne6+ 31. Bd4 Qc6 32. Ne4 Bg5 33. Bxe5 Bxh6 34. Nf6+ Kh8
35. Bd5 Qb6+ 36. Bd4 Ng7 37. Re4 Nxd6 0-1

[Event "2BLS 1819 TSV Schönaich - SF Bad Merge"]
[Site "?"]
[Date "2018.12.15"]
[Round "3.5"]
[White "Gasthofer, Alexander"]
[Black "Hirneise, Jens"]
[Result "1/2-1/2"]
[WhiteElo "2419"]
[BlackElo "2371"]
[PlyCount "85"]
[EventDate "2018.??.??"]

1. Nf3 Nf6 2. g3 g6 3. c4 Bg7 4. Bg2 d6 5. d4 O-O 6. O-O Nc6 7. Nc3 Bf5 8. b3
e5 9. dxe5 dxe5 10. Ba3 Re8 11. Qxd8 Raxd8 12. Nh4 e4 13. Nxf5 gxf5 14. Rad1
Nd4 15. Bc5 Ng4 16. h3 Ne6 17. Rxd8 Rxd8 18. Be7 Re8 19. Nd5 c6 20. hxg4 cxd5
21. cxd5 Rxe7 22. dxe6 fxg4 23. Bxe4 Rxe6 24. Bd3 Kf8 25. Rc1 h5 26. Rc8+ Re8
27. Rc5 Re5 28. Rc8+ Re8 29. Rc4 Re5 30. Kg2 Bf6 31. a4 b6 32. Rc8+ Re8 33. Rc6
Re6 34. Rc4 Re5 35. b4 Be7 36. Rc8+ Kg7 37. b5 Rc5 38. Ra8 Rc7 39. e3 Bf6 40.
Bf5 Bc3 41. Rc8 Rxc8 42. Bxc8 Kg6 43. Bd7 1/2-1/2

[Event "2BLS 1819 TSV Schönaich - SF Bad Merge"]
[Site "?"]
[Date "2018.12.15"]
[Round "3.6"]
[White "Wenninger, Philipp"]
[Black "Ivanov, Mikhail M"]
[Result "1/2-1/2"]
[WhiteElo "2392"]
[BlackElo "2383"]
[PlyCount "114"]
[EventDate "2018.??.??"]

1. d4 e6 2. c4 Bb4+ 3. Bd2 a5 4. Nf3 d6 5. g3 Nc6 6. Bg2 e5 7. d5 Nce7 8. O-O
Bc5 9. Nc3 Nf6 10. Bg5 Nd7 11. e4 h6 12. Bd2 O-O 13. Nh4 Nb6 14. b3 c6 15. Be3
Bb4 16. Ne2 Ba3 17. f4 cxd5 18. fxe5 dxc4 19. exd6 Bxd6 20. Nc3 Ra6 21. Qh5 Bb4
22. Rad1 Nd7 23. Nb5 Rc6 24. bxc4 Bc5 25. Bxc5 Rxc5 26. Qe2 Qb6 27. Kh1 Ne5 28.
Rd6 Rc6 29. Rxc6 bxc6 30. Nd6 Bg4 31. Qc2 Qc5 32. Ndf5 N7g6 33. Qc3 Be2 34. Rc1
Nxh4 35. gxh4 g6 36. Ng3 Bg4 37. h5 Be6 38. Ne2 Ng4 39. h3 Nf2+ 40. Kh2 Qxh5
41. Nf4 Qh4 42. Nxe6 fxe6 43. Qg3 Qxg3+ 44. Kxg3 Nd3 45. Rc3 Ne5 46. Ra3 Ra8
47. Kf4 Nxc4 48. Rc3 g5+ 49. Kg3 Ne5 50. Rc5 Ng6 51. Rxc6 Nf4 52. Bf3 Rd8 53.
h4 Rd3 54. hxg5 Ne2+ 55. Kf2 Nd4 56. Rc8+ Kh7 57. Be2 Rd2 1/2-1/2

[Event "2BLS 1819 TSV Schönaich - SF Bad Merge"]
[Site "?"]
[Date "2018.12.15"]
[Round "3.7"]
[White "Reinhardt, Bernd"]
[Black "Plenca, Julijan"]
[Result "0-1"]
[WhiteElo "2172"]
[BlackElo "2415"]
[PlyCount "119"]
[EventDate "2018.??.??"]

1. Nf3 Nf6 2. d4 g6 3. Bf4 Bg7 4. e3 O-O 5. Be2 d6 6. h3 c5 7. c3 b6 8. O-O Bb7
9. Nbd2 Nbd7 10. Bg3 a6 11. a4 Ra7 12. Qb1 Qa8 13. Bd3 cxd4 14. cxd4 Nd5 15.
Rc1 Nb4 16. Be4 a5 17. Bxb7 Rxb7 18. Bh4 Re8 19. Ra3 Qa6 20. Rac3 Rbb8 21. Rc7
Nf6 22. Bxf6 Bxf6 23. Ne4 b5 24. axb5 Qxb5 25. Nxf6+ exf6 26. R7c4 a4 27. Ne1
f5 28. g3 h5 29. h4 d5 30. Rc5 Qe2 31. R5c3 Rb6 32. Ra3 f4 33. gxf4 Nc6 34. Qc2
Qg4+ 35. Ng2 Reb8 36. Rf1 Ne7 37. Qd1 Qh3 38. e4 Rb3 39. f5 dxe4 40. fxg6 Nxg6
41. Rxb3 Rxb3 42. Qc1 Qg4 43. Qg5 Qxg5 44. hxg5 Rd3 45. Rc1 Rxd4 46. Rc8+ Kh7
47. Ra8 Ne5 48. Nf4 h4 49. Kg2 Nd3 50. Ne2 Rc4 51. Kh3 Rc2 52. Nd4 Rxf2 53.
Rxa4 e3 54. Ra1 Nf4+ 55. Kxh4 e2 56. Nc2 Rf1 57. Kg3 Nd5 58. Ra3 Nb4 59. Ne1
Rxe1 60. Re3 0-1

[Event "2BLS 1819 TSV Schönaich - SF Bad Merge"]
[Site "?"]
[Date "2018.12.15"]
[Round "3.8"]
[White "Lorscheid, Gerhard"]
[Black "Gross, Willi"]
[Result "1-0"]
[WhiteElo "2197"]
[BlackElo "2128"]
[PlyCount "109"]
[EventDate "2018.??.??"]

1. d4 Nf6 2. c4 g6 3. Nc3 Bg7 4. e4 d6 5. f3 O-O 6. Nge2 Nc6 7. Be3 a6 8. Qd2
Bd7 9. d5 Na5 10. Nc1 c5 11. Be2 Rb8 12. a4 e5 13. Rb1 b6 14. b4 cxb4 15. Rxb4
Be8 16. O-O Nd7 17. Nd3 Qc7 18. Qa2 f5 19. Rfb1 f4 20. Bf2 Bf6 21. c5 bxc5 22.
Rxb8 Nxb8 23. Nxc5 Nd7 24. Nxd7 Bxd7 25. Qa3 Nc4 26. Bxc4 Qxc4 27. Qxd6 Rf7 28.
Qb8+ Kg7 29. Qb3 Qc8 30. a5 g5 31. h3 h5 32. Na4 Bxa4 33. Qxa4 g4 34. hxg4 hxg4
35. fxg4 Qxg4 36. Qd1 Qc8 37. Rc1 Rc7 38. Rxc7+ Qxc7 39. Bb6 Qd7 40. Qd3 Bh4
41. Qh3 Qxh3 42. gxh3 Kf7 43. Kg2 Be7 44. Kf3 Bd6 45. Kg4 Kg6 46. h4 Kf6 47. h5
Bb8 48. Bd8+ Kf7 49. Bh4 Bc7 50. Kf5 f3 51. Kg4 Bxa5 52. Kxf3 Bb4 53. Kg4 a5
54. Kf5 a4 55. Bf6 1-0

[Event "2BLS 1819 SG Speyer-Schwegenheim - SC H"]
[Site "?"]
[Date "2018.12.15"]
[Round "3.1"]
[White "Sadzikowski, Daniel"]
[Black "Abasov, Nijat"]
[Result "1/2-1/2"]
[WhiteElo "2533"]
[BlackElo "2635"]
[PlyCount "152"]
[EventDate "2018.??.??"]

1. d4 Nf6 2. c4 e6 3. Nc3 Bb4 4. Nf3 d5 5. Bg5 h6 6. Bxf6 Qxf6 7. Qa4+ Nc6 8.
e3 O-O 9. Be2 dxc4 10. O-O Bd7 11. Bxc4 Bxc3 12. bxc3 Qe7 13. Qc2 Na5 14. Bd3
c5 15. Ne5 Be8 16. Qb2 Rc8 17. Qa3 b6 18. Rad1 Rc7 19. Ba6 Nc6 20. Nd3 Nb8 21.
dxc5 Nd7 22. Bb5 Nxc5 23. c4 Ne4 24. Qxe7 Rxe7 25. a4 Rc7 26. Nb2 Nc5 27. g3
Bc6 28. Bxc6 Rxc6 29. Rd2 Rfc8 30. Rfd1 Kf8 31. Kf1 Ke7 32. f3 g5 33. Ke2 R6c7
34. Rd4 Nb3 35. R4d3 Na5 36. h4 gxh4 37. gxh4 a6 38. Rd6 Nxc4 39. Nxc4 Rxc4 40.
Rxb6 Rxa4 41. Rb7+ Kf6 42. Rdd7 Rf8 43. f4 Ra1 44. Ra7 Rh1 45. Rxa6 Rxh4 46.
Raa7 Rg4 47. Kf3 Rg7 48. e4 h5 49. f5 Rg5 50. fxe6 fxe6 51. Rh7 Rb5 52. Ke3 Rg8
53. Rh6+ Rg6 54. Rah7 Rb3+ 55. Kf2 Rb2+ 56. Kf3 Rb3+ 57. Kf2 Kg5 58. Rxh5+ Kf4
59. Rh4+ Ke5 60. R7h5+ Kd4 61. e5+ Kd5 62. Ra4 Rb5 63. Ra2 Rg4 64. Rd2+ Rd4 65.
Rxd4+ Kxd4 66. Ke2 Rxe5+ 67. Rxe5 Kxe5 68. Ke3 Kd5 69. Kd3 e5 70. Ke3 e4 71.
Ke2 Kd4 72. Kd2 e3+ 73. Ke2 Ke4 74. Ke1 Kf3 75. Kf1 e2+ 76. Ke1 Ke3 1/2-1/2

[Event "2BLS 1819 SG Speyer-Schwegenheim - SC H"]
[Site "?"]
[Date "2018.12.15"]
[Round "3.2"]
[White "Pavlidis, Antonios"]
[Black "Poetsch, Hagen"]
[Result "1/2-1/2"]
[WhiteElo "2537"]
[BlackElo "2511"]
[PlyCount "70"]
[EventDate "2018.??.??"]

1. e4 e6 2. d4 d5 3. Nc3 Nf6 4. e5 Nfd7 5. Nce2 c5 6. c3 Nc6 7. Nf3 cxd4 8.
cxd4 f6 9. exf6 Nxf6 10. Nc3 Bd6 11. Bd3 O-O 12. O-O e5 13. dxe5 Nxe5 14. Bg5
h6 15. Bh4 Nxf3+ 16. Qxf3 g5 17. Bg3 Bg4 18. Qe3 d4 19. Qxd4 Bxg3 20. Qxd8
Bxh2+ 21. Kxh2 Raxd8 22. Bc4+ Kg7 23. Rae1 Rfe8 24. Nb5 Rd2 25. Nc7 Rxe1 26.
Rxe1 Kf8 27. f3 Bxf3 28. Ne6+ Kg8 29. Nxg5+ Bd5 30. Ne4 Nxe4 31. Bxd5+ Rxd5 32.
Rxe4 Rd2 33. Re8+ Kf7 34. Ra8 Rxb2 35. Rxa7 Ke6 1/2-1/2

[Event "2BLS 1819 SG Speyer-Schwegenheim - SC H"]
[Site "?"]
[Date "2018.12.15"]
[Round "3.3"]
[White "Polak, Tomas"]
[Black "Neiksans, Arturs"]
[Result "1/2-1/2"]
[WhiteElo "2508"]
[BlackElo "2553"]
[PlyCount "45"]
[EventDate "2018.??.??"]

1. d4 Nf6 2. c4 e6 3. Nf3 b6 4. g3 Bb7 5. Bg2 Bb4+ 6. Bd2 a5 7. O-O O-O 8. Bf4
Be7 9. Nc3 Ne4 10. Qc2 Nxc3 11. bxc3 f5 12. d5 Na6 13. Rad1 Nc5 14. Nd4 Qc8 15.
Rfe1 Bf6 16. Bc1 Re8 17. Nb5 d6 18. Be3 Ne4 19. f3 Nc5 20. Bd4 Rf8 21. f4 e5
22. fxe5 Bxe5 23. Bh3 1/2-1/2

[Event "2BLS 1819 SG Speyer-Schwegenheim - SC H"]
[Site "?"]
[Date "2018.12.15"]
[Round "3.4"]
[White "Meshkovs, Nikita"]
[Black "Wieczorek, Oskar"]
[Result "1-0"]
[WhiteElo "2542"]
[BlackElo "2494"]
[PlyCount "75"]
[EventDate "2018.??.??"]

1. Nf3 Nf6 2. c4 g6 3. Nc3 Bg7 4. e4 d6 5. d4 O-O 6. Be2 e5 7. O-O Nc6 8. d5
Ne7 9. Bd2 Ne8 10. Rc1 f5 11. Ne1 Nf6 12. f3 f4 13. Nd3 g5 14. c5 Ng6 15. Be1
Rf7 16. Bf2 h5 17. cxd6 cxd6 18. Nb5 g4 19. Qc2 g3 20. hxg3 fxg3 21. Bxg3 h4
22. Bh2 Qb6+ 23. Kh1 Bh6 24. Nc7 Rb8 25. f4 Nxe4 26. Ne6 Ng3+ 27. Bxg3 hxg3 28.
Nxe5 Nxe5 29. fxe5 Bxe6 30. Qg6+ Rg7 31. Qxe6+ Kh8 32. Rc8+ Rxc8 33. Qxc8+ Rg8
34. Qh3 dxe5 35. Bd3 e4 36. Bxe4 Re8 37. Qf5 Qc7 38. Qg6 1-0

[Event "2BLS 1819 SG Speyer-Schwegenheim - SC H"]
[Site "?"]
[Date "2018.12.15"]
[Round "3.5"]
[White "Klekowski, Maciej"]
[Black "Kantans, Toms"]
[Result "1-0"]
[WhiteElo "2499"]
[BlackElo "2528"]
[PlyCount "105"]
[EventDate "2018.??.??"]

1. c4 c5 2. Nc3 Nc6 3. g3 g6 4. Bg2 Bg7 5. d3 e6 6. e4 Nge7 7. Nge2 d6 8. O-O
a6 9. Rb1 O-O 10. a3 b5 11. cxb5 axb5 12. b4 Ba6 13. bxc5 dxc5 14. Nxb5 Nb4 15.
a4 Nxd3 16. Bg5 c4 17. Nc1 h6 18. Be3 Qd7 19. Nxd3 cxd3 20. Rb3 Bxb5 21. axb5
Rfd8 22. Qd2 Rab8 23. Rfb1 g5 24. Bf1 Qb7 25. Rxd3 Rxd3 26. Qxd3 Ng6 27. Bg2
Ne5 28. Qe2 Qc7 29. b6 Qc4 30. Qd1 Bf8 31. b7 Qa6 32. Qd4 Ng4 33. e5 Nxe3 34.
Qxe3 Kg7 35. Qd4 Qa3 36. Qa1 Qd3 37. Rc1 Qb5 38. Qa7 Qxe5 39. Rc8 Bd6 40. Qb6
Qa1+ 41. Bf1 Be5 42. Qb4 Kg6 43. h4 gxh4 44. Qg4+ Kf6 45. Qxh4+ Kg7 46. Qb4 Kg6
47. Qe4+ Kg7 48. Rc5 Kf6 49. Qe3 Qd4 50. Qxh6+ Ke7 51. Rc4 Qb6 52. Rc8 Qxb7 53.
Qg5+ 1-0

[Event "2BLS 1819 SG Speyer-Schwegenheim - SC H"]
[Site "?"]
[Date "2018.12.15"]
[Round "3.7"]
[White "Weichhold, Pawel"]
[Black "Yankelevich, Lev"]
[Result "1/2-1/2"]
[WhiteElo "2422"]
[BlackElo "2441"]
[PlyCount "58"]
[EventDate "2018.??.??"]

1. e4 e5 2. Nf3 Nc6 3. Bb5 a6 4. Ba4 Nf6 5. O-O Be7 6. Re1 b5 7. Bb3 d6 8. c3
O-O 9. d4 Bg4 10. Be3 Bh5 11. h3 exd4 12. cxd4 Na5 13. Bc2 Nc4 14. Bc1 d5 15.
e5 Ne4 16. Nc3 Nxc3 17. bxc3 a5 18. g4 Bg6 19. Bf5 Ra6 20. Qd3 b4 21. h4 h5 22.
gxh5 Bxf5 23. Qxf5 Qc8 24. Qxc8 Rxc8 25. Bg5 Kf8 26. cxb4 axb4 27. Rab1 f6 28.
Bf4 Rxa2 29. h6 Rb2 1/2-1/2

[Event "2BLS 1819 SG Speyer-Schwegenheim - SC H"]
[Site "?"]
[Date "2018.12.15"]
[Round "3.8"]
[White "Mager, Denis"]
[Black "Zuyev, Igor"]
[Result "1/2-1/2"]
[WhiteElo "2276"]
[BlackElo "2443"]
[PlyCount "37"]
[EventDate "2018.??.??"]

1. c4 c5 2. Nf3 g6 3. d4 cxd4 4. Nxd4 Nc6 5. e4 Nf6 6. Nc3 d6 7. Be2 Nxd4 8.
Qxd4 Bg7 9. Be3 O-O 10. Qd2 Be6 11. f3 Qa5 12. Nd5 Qxd2+ 13. Kxd2 Nxd5 14. cxd5
Bd7 15. Rac1 Rfc8 16. Rxc8+ Rxc8 17. Rc1 Bxb2 18. Rxc8+ Bxc8 19. Bxa7 1/2-1/2

[Event "2BLS 1819 FB Mörlenbach-Birkenau - SV "]
[Site "?"]
[Date "2018.12.15"]
[Round "3.1"]
[White "Grabarczyk, Miroslaw"]
[Black "Kunin, Vitaly"]
[Result "1/2-1/2"]
[WhiteElo "2368"]
[BlackElo "2535"]
[PlyCount "82"]
[EventDate "2018.??.??"]

1. d4 Nf6 2. c4 e6 3. Nf3 c5 4. d5 b5 5. Bg5 b4 6. e4 d6 7. Nbd2 Be7 8. Be3 Ng4
9. Bf4 e5 10. Bg3 f5 11. h3 f4 12. Bh2 Nh6 13. Bg1 O-O 14. Be2 Nd7 15. Nh2 a5
16. g3 fxg3 17. fxg3 Nf6 18. Nhf1 Bd7 19. Be3 Qc8 20. Bxh6 gxh6 21. Ne3 Kh8 22.
Bg4 Nxg4 23. hxg4 Rg8 24. Nf5 Bxf5 25. exf5 Qf8 26. Ne4 Qg7 27. Kf2 Raf8 28.
Qf3 Qxg4 29. Qxg4 Rxg4 30. Kf3 Rg6 31. g4 a4 32. Rh5 Rf7 33. Rah1 Bg5 34. Nxg5
hxg5 35. Ke4 Rgf6 36. Rxg5 h6 37. Rgh5 Kh7 38. R1h4 Rf8 39. Rh2 R8f7 40. R2h3
Rf8 41. Rh2 R8f7 1/2-1/2

[Event "2BLS 1819 FB Mörlenbach-Birkenau - SV "]
[Site "?"]
[Date "2018.12.15"]
[Round "3.2"]
[White "Galdunts, Sergey"]
[Black "Jarmula, Lukasz"]
[Result "0-1"]
[WhiteElo "2418"]
[BlackElo "2481"]
[PlyCount "84"]
[EventDate "2018.??.??"]

1. e4 c5 2. Nf3 d6 3. d4 cxd4 4. Nxd4 Nf6 5. Nc3 Nc6 6. Bc4 e6 7. Bb3 Be7 8.
Be3 O-O 9. O-O a6 10. f4 Nxd4 11. Bxd4 b5 12. e5 dxe5 13. fxe5 Nd7 14. Ne4 Bb7
15. Qg4 Bxe4 16. Qxe4 Nc5 17. Qg4 a5 18. c4 h5 19. Qd1 a4 20. Bc2 bxc4 21. Rf4
g6 22. Bc3 Qb6 23. Kf1 Bg5 24. Rxc4 f6 25. g3 Qb7 26. Qe1 Qh1+ 27. Ke2 Qd5 28.
Rb4 fxe5 29. Qh1 Qd6 30. Rd1 Qa6+ 31. Bd3 Qa7 32. Bxg6 Rf6 33. h4 Bh6 34. Bd3
Raf8 35. Bxe5 Rf2+ 36. Ke1 Nxd3+ 37. Rxd3 Qc5 38. Bc3 Qf5 39. Rf4 Qxd3 40. Kxf2
Bxf4 41. gxf4 Rxf4+ 42. Ke1 Qb1+ 0-1

[Event "2BLS 1819 FB Mörlenbach-Birkenau - SV "]
[Site "?"]
[Date "2018.12.15"]
[Round "3.3"]
[White "Tazbir, Marcin"]
[Black "Dittmar, Peter"]
[Result "1-0"]
[WhiteElo "2532"]
[BlackElo "2222"]
[PlyCount "75"]
[EventDate "2018.??.??"]

1. e4 c6 2. Nc3 d5 3. Nf3 Bg4 4. h3 Bh5 5. d3 e6 6. g4 Bg6 7. Qe2 Bb4 8. Bd2
Ne7 9. a3 Bc5 10. Ne5 Nd7 11. Nxg6 hxg6 12. f4 Qc7 13. b4 Bb6 14. Na4 Bd4 15.
c3 Bb6 16. Bg2 g5 17. Nxb6 axb6 18. O-O dxe4 19. Qxe4 Nf6 20. Qf3 gxf4 21. Bxf4
Qd7 22. Be5 Neg8 23. a4 Rd8 24. Qf2 Qxd3 25. Bd4 Rxh3 26. g5 Qg3 27. Qxg3 Rxg3
28. gxf6 Nxf6 29. Rf3 Rg6 30. Raf1 Ke7 31. Bxb6 Rd2 32. R3f2 Rxf2 33. Kxf2 Ng4+
34. Ke2 f5 35. a5 Ne5 36. Rg1 Rg3 37. Bd4 Ng4 38. Bxc6 1-0

[Event "2BLS 1819 FB Mörlenbach-Birkenau - SV "]
[Site "?"]
[Date "2018.12.15"]
[Round "3.4"]
[White "Legde, Georg"]
[Black "Walter, Stefan"]
[Result "1-0"]
[WhiteElo "2311"]
[BlackElo "2405"]
[PlyCount "105"]
[EventDate "2018.??.??"]

1. d4 d5 2. c4 e6 3. Nf3 Nf6 4. g3 Bb4+ 5. Bd2 Bd6 6. Nc3 O-O 7. Bg5 c6 8. Bg2
h6 9. Bxf6 Qxf6 10. O-O Qd8 11. c5 Bc7 12. e4 dxe4 13. Nxe4 Nd7 14. Re1 Qe7 15.
b4 a5 16. a3 Rd8 17. Qb1 Qf8 18. Qb2 Qe7 19. Rad1 axb4 20. axb4 Nf6 21. Nxf6+
Qxf6 22. Ne5 Ra4 23. Be4 Bd7 24. Qb3 Ra7 25. Rd3 Be8 26. Qc4 Ra4 27. Rf3 Qg5
28. Bc2 Ra7 29. h4 Qe7 30. Qd3 f5 31. Bb3 Kh7 32. Rfe3 b6 33. Nf3 bxc5 34. Bxe6
Qf8 35. Bxf5+ Kh8 36. bxc5 Ra4 37. Qe4 Bh5 38. g4 Bf7 39. Qxc6 Ra7 40. Ne5 Bxe5
41. Rxe5 Ra5 42. Qe4 Ra4 43. Rd1 Bb3 44. Rd2 Ra1+ 45. Kg2 Ra6 46. c6 Qf7 47.
Be6 Bxe6 48. Rxe6 Rf8 49. Rc2 Ra3 50. Re7 Qb3 51. f3 Qb1 52. Re2 Ra1 53. Qxb1
1-0

[Event "2BLS 1819 FB Mörlenbach-Birkenau - SV "]
[Site "?"]
[Date "2018.12.15"]
[Round "3.5"]
[White "Baskin, Robert"]
[Black "Felgendreher, Heiko"]
[Result "1/2-1/2"]
[WhiteElo "2364"]
[BlackElo "2213"]
[PlyCount "125"]
[EventDate "2018.??.??"]

1. e4 c5 2. Nf3 d6 3. d4 cxd4 4. Nxd4 Nf6 5. f3 e5 6. Nb3 d5 7. Bg5 Be6 8. Bxf6
gxf6 9. exd5 Bxd5 10. Nc3 Bb4 11. Qd2 Nc6 12. O-O-O Bxb3 13. Qxd8+ Rxd8 14.
Rxd8+ Nxd8 15. axb3 Bxc3 16. bxc3 h5 17. g3 Ne6 18. Bd3 Ke7 19. Kd2 Rd8 20. Ke3
Rc8 21. Ra1 a6 22. c4 Nd4 23. b4 Rd8 24. Ra2 f5 25. c3 Nxf3 26. Bxf5 Ng5 27. h4
Ne6 28. Be4 Rd7 29. c5 Rc7 30. c6 bxc6 31. Rxa6 Kd6 32. b5 Nd8 33. bxc6 Ne6 34.
Ra8 Ng7 35. Rh8 f5 36. Rh6+ Ke7 37. Bd5 f4+ 38. Ke4 fxg3 39. Rg6 Ne8 40. Kxe5
Ra7 41. Rxg3 Ra1 42. c4 Rf1 43. Rb3 Nd6 44. Rb7+ Nxb7 45. cxb7 Rb1 46. Bc6 Rb6
47. Kd5 Kd8 48. Kd6 Rb5 49. Bd5 Rb6+ 50. Ke5 Kc7 51. Kf5 Rh6 52. Kg5 Rh8 53.
Kg6 Kb8 54. c5 Rf8 55. c6 Kc7 56. Kg5 Kd6 57. Bf3 Rh8 58. Kg6 Kc7 59. Bxh5 Kxc6
60. Bf3+ Kc7 61. h5 Rf8 62. Be4 Rf4 63. Bd5 1/2-1/2

[Event "2BLS 1819 FB Mörlenbach-Birkenau - SV "]
[Site "?"]
[Date "2018.12.15"]
[Round "3.6"]
[White "Klings, Peter"]
[Black "Spitzl, Vinzent"]
[Result "0-1"]
[WhiteElo "2101"]
[BlackElo "2277"]
[PlyCount "134"]
[EventDate "2018.??.??"]

1. Nf3 d5 2. e3 Nf6 3. c4 e6 4. b3 Be7 5. Bb2 O-O 6. Nc3 b6 7. Be2 Bb7 8. O-O
dxc4 9. Bxc4 a6 10. Rc1 b5 11. Be2 Nbd7 12. Qc2 c5 13. a4 b4 14. Nb1 Rc8 15. d3
Nd5 16. Rfd1 Bf6 17. Bf1 Qe7 18. e4 Bxb2 19. Qxb2 Nf4 20. Nbd2 f5 21. Re1 Rcd8
22. g3 Ng6 23. Bg2 f4 24. Nc4 h5 25. Rf1 h4 26. Bh3 Rf6 27. Bg4 hxg3 28. fxg3
Ngf8 29. gxf4 Rxf4 30. Qg2 Rxg4 31. Qxg4 Nf6 32. Qh4 Rxd3 33. e5 Bxf3 34. exf6
Qxf6 35. Qxf6 gxf6 36. Rf2 Nd7 37. Rd2 Rxd2 38. Nxd2 Bd5 39. Nc4 f5 40. Kf2 Kf7
41. a5 Nf6 42. Nd2 Nd7 43. Nc4 Ke7 44. h4 Nf6 45. Ke3 Ng4+ 46. Kf4 Kf6 47. Nd2
e5+ 48. Kg3 Ne3 49. Rxc5 f4+ 50. Kf2 Ke6 51. Rc8 Ng4+ 52. Ke1 e4 53. Re8+ Kf5
54. Rd8 Ke5 55. Rb8 e3 56. Nf1 f3 57. Rxb4 Nf2 58. Nxe3 Nd3+ 59. Kf1 Nxb4 60.
Nxd5 Nxd5 61. h5 Kf4 62. h6 Nf6 63. b4 Ke3 64. h7 Nxh7 65. b5 Ng5 66. b6 Ne4
67. b7 Nd2+ 0-1

[Event "2BLS 1819 FB Mörlenbach-Birkenau - SV "]
[Site "?"]
[Date "2018.12.15"]
[Round "3.7"]
[White "Koehler, Ronald"]
[Black "Wohlfart, Paulus"]
[Result "1-0"]
[WhiteElo "2259"]
[BlackElo "2089"]
[PlyCount "45"]
[EventDate "2018.??.??"]

1. d4 f5 2. Nf3 Nf6 3. g3 g6 4. Bg2 Bg7 5. O-O O-O 6. c4 d6 7. Nc3 c6 8. Rb1 a5
9. d5 Bd7 10. Nd4 Qb6 11. Be3 Ng4 12. Nxf5 Nxe3 13. Nxe3 Na6 14. Qd2 Bh6 15.
dxc6 bxc6 16. Ned5 Bxd2 17. Nxb6 Bf5 18. Nxa8 Bxc3 19. bxc3 Bxb1 20. Rxb1 Rxa8
21. Bxc6 Rc8 22. Bb7 Rb8 23. Rb5 1-0

[Event "2BLS 1819 FB Mörlenbach-Birkenau - SV "]
[Site "?"]
[Date "2018.12.15"]
[Round "3.8"]
[White "Schoebel-Kroehn, Lucas"]
[Black "Nothnagel, Markus"]
[Result "1/2-1/2"]
[WhiteElo "1972"]
[BlackElo "2237"]
[PlyCount "84"]
[EventDate "2018.??.??"]

1. e4 e6 2. d4 d5 3. Nc3 Bb4 4. e5 c5 5. a3 Bxc3+ 6. bxc3 Ne7 7. Nf3 Nbc6 8.
Bd3 Qa5 9. Qd2 b6 10. O-O Ba6 11. Rd1 cxd4 12. cxd4 Qxd2 13. Bxd2 Bxd3 14. cxd3
Nf5 15. Be3 h5 16. Rac1 Kd7 17. Kf1 Rac8 18. Rc3 Na5 19. Rdc1 Rxc3 20. Rxc3 f6
21. Ke2 Nc6 22. Rc1 Rc8 23. Kd2 Rf8 24. Ke2 Nfe7 25. h3 Ng6 26. exf6 gxf6 27.
g4 hxg4 28. hxg4 Rh8 29. Rb1 Rh3 30. Rg1 Kd6 31. g5 f5 32. Bd2 Rh8 33. Rb1 Rh7
34. Bc3 Rh3 35. Rd1 Ke7 36. Bb4+ Kd7 37. Bc3 Kd6 38. Rg1 Nf4+ 39. Ke3 Ng6 40.
Ke2 Nf4+ 41. Ke3 Ng6 42. Ke2 Nf4+ 1/2-1/2

[Event "2BLS 1819 SC Eppingen - TSV Schönaich"]
[Site "?"]
[Date "2018.12.16"]
[Round "4.1"]
[White "Bosiocic, Marin"]
[Black "Acs, Peter"]
[Result "1-0"]
[WhiteElo "2599"]
[BlackElo "2595"]
[PlyCount "75"]
[EventDate "2018.??.??"]

1. e4 e5 2. Nf3 Nc6 3. Bc4 Bc5 4. c3 Nf6 5. d4 exd4 6. e5 d5 7. Bb5 Ne4 8. cxd4
Bb6 9. Nc3 O-O 10. Be3 Ne7 11. Bd3 f5 12. Ne2 Ng6 13. Qc1 Bd7 14. h4 Qe8 15. h5
Ne7 16. h6 g6 17. O-O Rc8 18. b4 Nc6 19. Qb1 Nb8 20. a4 c6 21. a5 Bc7 22. b5
Be6 23. a6 f4 24. axb7 Rd8 25. Bc1 g5 26. bxc6 Nxc6 27. Rxa7 g4 28. Nh2 f3 29.
Ng3 fxg2 30. Kxg2 Nxg3 31. fxg3 Qh5 32. Kh1 Bxe5 33. dxe5 d4 34. Kg1 Qh3 35.
Rxf8+ Rxf8 36. Bf4 Rxf4 37. Qb2 Rf8 38. Bf1 1-0

[Event "2BLS 1819 SC Eppingen - TSV Schönaich"]
[Site "?"]
[Date "2018.12.16"]
[Round "4.2"]
[White "Noe, Christopher"]
[Black "Saric, Ante"]
[Result "1/2-1/2"]
[WhiteElo "2532"]
[BlackElo "2533"]
[PlyCount "33"]
[EventDate "2018.??.??"]

1. d4 Nf6 2. c4 e6 3. Nc3 Bb4 4. e3 O-O 5. Bd3 d5 6. Nf3 c5 7. O-O cxd4 8. exd4
dxc4 9. Bxc4 b6 10. Ne5 Bb7 11. Bg5 Nbd7 12. Qe2 Bxc3 13. bxc3 Rc8 14. Rac1 h6
15. Bh4 Qc7 16. Nxd7 Qxd7 17. Bxf6 1/2-1/2

[Event "2BLS 1819 SC Eppingen - TSV Schönaich"]
[Site "?"]
[Date "2018.12.16"]
[Round "4.3"]
[White "Volke, Karsten"]
[Black "Mesaros, Florian"]
[Result "0-1"]
[WhiteElo "2473"]
[BlackElo "2432"]
[PlyCount "68"]
[EventDate "2018.??.??"]

1. d4 Nf6 2. c4 e6 3. Nc3 Bb4 4. e3 O-O 5. Bd3 c5 6. Nge2 d5 7. cxd5 cxd4 8.
exd4 Nxd5 9. Bc2 Re8 10. O-O Nc6 11. Qd3 g6 12. Rd1 Bf8 13. Qf3 Bg7 14. Be4 Nf6
15. Bg5 h6 16. Bxf6 Bxf6 17. d5 exd5 18. Bxd5 Qe7 19. Nf4 Bf5 20. Bxc6 bxc6 21.
Qxc6 Rac8 22. Qf3 Be5 23. h3 Qb4 24. g4 Bc2 25. Nd3 Bxd1 26. Rxd1 Qa5 27. Nxe5
Qxe5 28. Rd7 Re7 29. Qb7 Rc7 30. Rd8+ Kg7 31. Qa8 Rb7 32. Nd5 Rxb2 33. Ne3 Qf6
34. Rg8+ Kh7 0-1